000 00345nam a2200169Ia 4500
100 _aSingh/D.K
650 _aSOM
942 _cBK
366 _f20
654 _amaterials
245 _aStrength Of Materials
260 _bAne Books India
_aMumbai
_c2007
082 _a620.112/SIN
_bSIN
300 _a516
546 _aENGLISH
999 _c33254
_d33254